Statistics for Europe quiz

Click here to take the quiz!

General Stats

  • This quiz has been taken 24 times
  • The average score is 9 of 15

Answer Stats

HintAnswer% Correct
In conflict with Russia (2022)Ukraine
100%
Most populated city in FinlandHelsinki
90%
Country bordering Lithuania to the northLatvia
90%
Country pizza was invented inItaly
86%
White ____ of DoverCliffs
81%
Capital of AlbaniaTirana
76%
Most populated city in Northern IrelandBelfast
71%
It's capital city is SkopjeNorth Macedonia
71%
What does Montenegro meanBlack Mountain
62%
Closest capital city to BratislavaVienna
52%
Country between Moldova and Ukraine which is not on a mapTransnistria
38%
Austria's national airlineAustrian
29%
Capital of the aboveTiraspol
24%
What island is disputed by the United Kingdom, Denmark, and IcelandRockall Island
0%
Lowest rated airline in europeUkraine international
0%

Score Distribution

Percentile by Number Answered

Percent of People with Each Score

Your Score History

You have not taken this quiz